1460 1968 1708 1172 1342 1155 1067 1963 1072 1769 1906 1322 1409 1477 1587 1614 1222 1662 1534 1498 1077 1108 1237 1536 1195 1594 1941 1739 1120 1604 1018 1755 1799 1170 1249 1209 1321 1473 1390 1867 1313 1686 1377 1602 1641 1205 1423 1900 1375 1555 1738 1953 1083 1616 1434 1058 1945 2000 1169 1819 1808 1470 1984 1452 1440 1984 1772 1236 1361 1328 1336 1542 1131 1602 1143 1111 1445 1181 1952 1788 1641 1570 1707 1268 1659 1863 1984 1275 1946 1416 1297 1039 1108 1171 1855 1452 1731 1909 1829 BCNSPRNW ULIB Ver.6.0+V

เปลี่ยนเป็นภาษาไทย

Change to English
 แสดงรายละเอียดบรรณานุกรม
  กลับหน้าหลัก

Brief Record : Get Marc (ISO 2709) : E-mail record : QR code < ปิดหน้าต่าง
LEADER : 00000nam 2200000uu 4500
001    13399115155
003     ULIB
008    120713s2554||||th 000 0 tha d
020    ^a9786167519029
060  4 ^aWI700^bบ149ล
100 0  ^aบรรจบ ชุณหสวัสดิกุล
245 00 ^aล้างพิษท่อน้ำดีและตับ/^cบรรจบ ชุณหสวัสดิกุล
250    ^aพิมพ์ครั้งที่ 1
260    ^aกรุงเทพฯ :^bรวมทรรศน์,^c2554
300    ^a 87 หน้า;^c19 ซม.
650  7 ^aล้างพิษ
650  7 ^aท่อน้ำดีและตับ^xล้างพิษ
945    ^p130^l0^i19146
995    ^a เกษร
999    ^aใช้งานได้ทุกระบบ
รายการนี้ยังไม่มีแท็ก
คุณยังไม่ได้ล็อกอิน คุณสามารถมีกิจกรรมร่วมกับเว็บไซต์ได้ แต่ต้องล็อกอินก่อน ::
  ล็อกอิน

รายการสื่อสารสนเทศ

ลำดับที่ ประเภท เลขเรียก/บาร์โค้ด สถานที่ สถานะ
1. วิทยาศาสตร์การแพทย์ และสุขภาพ
วิทยาศาสตร์การแพทย์ และสุขภาพ
สถานะ=หนังสือเก่า
WI700 บ149ล ฉ.1 
  Barcode: 19146
ห้องสมุดวิทยาเขตนครสวรรค์
►ส่วนจัดเก็บหนังสือเก่า นว.
บนชั้น
  ขอยืม

รายการใกล้เคียง
    ผู้แต่ง [บรรจบ ชุณหสวัสดิกุล]

    หัวเรื่อง [ล้างพิษ]

BibComment


ยังไม่เคยถูกคอมเมนท์

คอมเมนท์ทรัพยากรรายการนี้
  คอมเมนท์: ล้างพิษท่อน้ำดีแ..


 Copyright 2026. Bcnsprnw @Library